Dol Said / (Record no. 170793)

MARC details
000 -LEADER
fixed length control field 01190pam a2200373 ia4500
001 - CONTROL NUMBER
control field vtls000814858
003 - CONTROL NUMBER IDENTIFIER
control field PNM
005 - DATE AND TIME OF LATEST TRANSACTION
control field 20190103144000.0
008 - FIXED-LENGTH DATA ELEMENTS--GENERAL INFORMATION
fixed length control field 160921s2018 my ab j 000 0 may
015 ## - NATIONAL BIBLIOGRAPHY NUMBER
National bibliography number M18-01277
020 ## - INTERNATIONAL STANDARD BOOK NUMBER
International Standard Book Number 9789670929255
Qualifying information set
Terms of availability RM169.00
International Standard Book Number 9789670929323
Qualifying information paperback
039 #9 - LEVEL OF BIBLIOGRAPHIC CONTROL AND CODING DETAIL [OBSOLETE]
Level of rules in bibliographic description 201804061227
Level of effort used to assign nonsubject heading access points anis_o
Level of effort used to assign subject headings 201802021610
Level of effort used to assign classification ndiana
Level of effort used to assign subject headings 201801250917
Level of effort used to assign classification suriani
Level of effort used to assign subject headings 201801171340
Level of effort used to assign classification khuraisah
040 ## - CATALOGING SOURCE
Original cataloging agency BNM
Language of cataloging eng
Transcribing agency BNM
Description conventions rda
Modifying agency PPAK
049 ## - LOCAL HOLDINGS (OCLC)
Holding library mal
082 04 - DEWEY DECIMAL CLASSIFICATION NUMBER
Classification number 959.5
Edition number 23
090 00 - LOCALLY ASSIGNED LC-TYPE CALL NUMBER (OCLC); LOCAL CALL NUMBER (RLIN)
Classification number (OCLC) (R) ; Classification number, CALL (RLIN) (NR) 959.5
Feature heading ELS
Feature heading K
100 0# - MAIN ENTRY--PERSONAL NAME
Personal name Elsyahmie,
Relator term author.
245 10 - TITLE STATEMENT
Title Dol Said /
Statement of responsibility, etc. Elsyahmie
264 #1 - PRODUCTION, PUBLICATION, DISTRIBUTION, MANUFACTURE, AND COPYRIGHT NOTICE
Place of production, publication, distribution, manufacture Kuala Lumpur :
Name of producer, publisher, distributor, manufacturer Penerbit Sinar Cemerlang,
Date of production, publication, distribution, manufacture, or copyright notice [2018?]
300 ## - PHYSICAL DESCRIPTION
Extent ii, 38 pages :
Other physical details illustrations, maps ;
Dimensions 23 cm.
336 ## - CONTENT TYPE
Content type term text
Source rdacontent
337 ## - MEDIA TYPE
Media type term unmediated
Source rdamedia
338 ## - CARRIER TYPE
Carrier type term volume
Source rdacarrier
490 1# - SERIES STATEMENT
Series statement SIRI PEJUANG MELAWAN PENJAJAH
650 10 - SUBJECT ADDED ENTRY--TOPICAL TERM
Topical term or geographic name entry element Nationalists
Geographic subdivision Malaysia
Form subdivision Juvenile literature
Topical term or geographic name entry element Heroes
Geographic subdivision Malaysia
Form subdivision Juvenile literature
651 #0 - SUBJECT ADDED ENTRY--GEOGRAPHIC NAME
Geographic name Malaysia
General subdivision History
Form subdivision Juvenile literature
830 #0 - SERIES ADDED ENTRY--UNIFORM TITLE
Uniform title Siri pejuang melawan penjajah
942 ## - ADDED ENTRY ELEMENTS (KOHA)
Source of classification or shelving scheme Dewey Decimal Classification
Koha item type Book
949 ## - LOCAL PROCESSING INFORMATION (OCLC)
6 2000602587
6 2000602588
6 2000602589
Holdings
Withdrawn Not for loan Current library Shelving location Date acquired Total Checkouts Total Renewals Full call number Barcode Date last seen Date last checked out Koha item type
    Perpustakaan Alor Setar Pinjaman Kanak-kanak 09/01/2019 3 1 K 959.5 ELS A01591692 24/08/2025 18/08/2025 Book
    Perpustakaan Alor Setar Pinjaman Kanak-kanak 09/01/2019 1   K 959.5 ELS A01591691 28/12/2023 18/11/2023 Book
    Perpustakaan Awam Sungai Petani Pinjaman Kanak-kanak 09/01/2019 1   K 959.5 ELS A01591693 10/10/2020 26/09/2020 Book
    Perpustakaan Jitra Pinjaman Kanak-kanak 09/01/2019     K 959.5 ELS A01591694 09/01/2019   Book
    Perpustakaan Kulim Pinjaman Kanak-kanak 09/01/2019     K 959.5 ELS A01591696 09/01/2019   Book
    Perpustakaan Langkawi Pinjaman Kanak-kanak 09/01/2019     K 959.5 ELS A01591695 09/01/2019   Book